[Event "Vitoria da Conquista"]
[Site "Vitoria da Conquista"]
[Date "2020.03.20"]
[Round "7"]
[White "Louro, Joao Vicente Alves"]
[Black "Barreto Junior, Williem Silva"]
[Result "0-1"]
[WhiteElo "1437"]
[BlackElo "2174"]
[PlyCount "63"]
[EventDate "2020.03.12"]
[EventType "tourn"]
[EventRounds "11"]
[EventCountry "BRA"]
[SourceTitle "CBM 197 Extra"]
[Source "ChessBase"]
[SourceDate "2020.09.30"]
[SourceVersion "1"]
[SourceVersionDate "2020.09.30"]
[SourceQuality "1"]

1. e4 c5 2. Nf3 d6 3. d4 cxd4 4. Nxd4 Nf6 5. Nc3 a6 6. Be3 e5 7. Nb3 Be7 8. Qd2 Be6 9. 0-0-0 0-0 10. f3 a5 11. Bb5 Nc6 12. Nd5 Bxd5 13. exd5 Nb4 14. a3 Nbxd5 15. Bc4 Nxe3 16. Qxe3 Nd7 17. Kb1 Qc7 18. Bd3 a4 19. Nd2 d5 20. Rhe1 Bf6 21. Bf5 Nb6 22. g4 g6 23. g5 Bg7 24. Bg4 Nc4 25. Nxc4 Qxc4 26. Qd2 Rfd8 27. Re3 Qb5 28. Qd3 Qb6 29. Qe2 Ra5 30. c3 Rb5 31. Red3 Qc5 32. R3d2 0-1

[Event "Vitoria da Conquista"]
[Site "Vitoria da Conquista"]
[Date "2020.03.14"]
[Round "3"]
[White "Neves, Cristiano Libarino"]
[Black "Barreto Junior, Williem Silva"]
[Result "1/2-1/2"]
[WhiteElo "1976"]
[BlackElo "2174"]
[PlyCount "83"]
[EventDate "2020.03.12"]
[EventType "tourn"]
[EventRounds "11"]
[EventCountry "BRA"]
[SourceTitle "CBM 197 Extra"]
[Source "ChessBase"]
[SourceDate "2020.09.30"]
[SourceVersion "1"]
[SourceVersionDate "2020.09.30"]
[SourceQuality "1"]

1. e4 c5 2. Nf3 d6 3. d4 cxd4 4. Nxd4 Nf6 5. f3 e5 6. Nb3 d5 7. exd5 Nxd5 8. Bb5+ Nc6 9. Bxc6+ bxc6 10. 0-0 Bd6 11. c4 Nf6 12. c5 Bc7 13. Qxd8+ Kxd8 14. Nc3 Ke7 15. f4 Re8 16. fxe5 Bxe5 17. Bf4 Kf8 18. Rae1 Bxf4 19. Rxe8+ Kxe8 20. Rxf4 Rb8 21. Ra4 a6 22. h3 Kd8 23. Kf2 Kc7 24. Ke3 Bb7 25. Nd2 Re8+ 26. Kd3 Bc8 27. g4 Re5 28. Nde4 Nd7 29. Kd4 f5 30. gxf5 Rxf5 31. Nd6 Rf4+ 32. Nce4 Nf6 33. Ke5 Rh4 34. Nxc8 Rxe4+ 35. Rxe4 Nxe4 36. Kxe4 Kxc8 37. b4 Kd7 38. Kf5 Ke7 39. a4 Kf7 40. Ke5 Ke7 41. Kf5 Kd7 42. Ke5 1/2-1/2

[Event "BRA-ch sf Reg2 86th"]
[Site "Recife"]
[Date "2019.12.21"]
[Round "5"]
[White "Barreto Junior, Williem Silva"]
[Black "Azevedo, Alcides Alexandre"]
[Result "1/2-1/2"]
[WhiteElo "2184"]
[BlackElo "2044"]
[PlyCount "57"]
[EventDate "2019.12.19"]
[EventType "swiss"]
[EventRounds "7"]
[EventCountry "BRA"]
[SourceTitle "CBM 194 Extra"]
[Source "ChessBase"]
[SourceDate "2020.03.31"]
[SourceVersion "1"]
[SourceVersionDate "2020.03.31"]
[SourceQuality "1"]

1. d4 Nf6 2. c4 e6 3. Nf3 d5 4. e3 Be7 5. Nc3 0-0 6. Qc2 b6 7. Be2 dxc4 8. Bxc4 c5 9. dxc5 Bxc5 10. a3 Bb7 11. Qe2 Ne4 12. Nxe4 Bxe4 13. b4 Be7 14. Bb2 Bf6 15. Rd1 Qe7 16. Bxf6 Qxf6 17. 0-0 Nc6 18. Bb5 Ne7 19. Rd4 Bg6 20. Qd2 Nf5 21. Rd7 Bh5 22. Bc6 Rad8 23. Rd1 Rxd7 24. Qxd7 Qc3 25. h3 Bxf3 26. Bxf3 Qxa3 27. b5 g6 28. Qc6 h5 29. Rd7 1/2-1/2

[Event "Salvador Bahia zt"]
[Site "Salvador"]
[Date "2018.06.02"]
[Round "4"]
[White "Zallio, Luciano de Souza"]
[Black "Barreto Junior, Williem Silva"]
[Result "1-0"]
[WhiteElo "2226"]
[BlackElo "2167"]
[PlyCount "67"]
[EventDate "2018.05.31"]
[EventType "swiss"]
[EventRounds "6"]
[EventCountry "BRA"]
[SourceTitle "EXT 2019"]
[Source "ChessBase"]
[SourceDate "2018.10.10"]
[SourceVersion "1"]
[SourceVersionDate "2018.10.10"]
[SourceQuality "1"]

1. d4 c6 2. Nf3 Nf6 3. e3 d5 4. Be2 e6 5. 0-0 Bd6 6. b3 0-0 7. Nbd2 Nbd7 8. c4 e5 9. dxe5 Nxe5 10. Bb2 Re8 11. Qc2 Qe7 12. Rfe1 Bg4 13. Nd4 Bxe2 14. Rxe2 Qc7 15. h3 dxc4 16. Nxc4 Nxc4 17. Qxc4 Be5 18. Rc2 Qa5 19. Rac1 Qd5 20. Qb4 Qd7 21. Qc4 Qd5 22. Qe2 Rac8 23. Rc5 Qd7 24. Qf3 Nd5 25. a3 Bd6 26. Nf5 g6 27. Nxd6 Qxd6 28. e4 Nb6 29. Ra5 a6 30. Rd1 Qe7 31. Re5 Qf8 32. Qf6 Re6 33. Rxe6 fxe6 34. Qh8+ 1-0

[Event "Salvador Bahia-ch"]
[Site "Salvador"]
[Date "2017.12.17"]
[Round "5"]
[White "Barreto Junior, Williem Silva"]
[Black "Neves, Carlos Alberto"]
[Result "1-0"]
[WhiteElo "2167"]
[BlackElo "1937"]
[PlyCount "67"]
[EventDate "2017.12.15"]
[EventType "swiss"]
[EventRounds "5"]
[EventCountry "BRA"]
[SourceTitle "CBM 182 Extra"]
[Source "ChessBase"]
[SourceDate "2018.02.23"]
[SourceVersion "1"]
[SourceVersionDate "2018.02.23"]
[SourceQuality "1"]

1. d4 f5 2. c4 Nf6 3. Nc3 e6 4. Nf3 Be7 5. e3 0-0 6. Bd3 c6 7. c5 d5 8. cxd6 Bxd6 9. 0-0 Nbd7 10. Qb3 Nd5 11. e4 fxe4 12. Nxe4 Bc7 13. Nfg5 N7f6 14. Nxf6+ gxf6 15. Ne4 Kh8 16. Bh6 Rg8 17. Ng3 Qe8 18. Rfe1 b5 19. Re4 f5 20. Rh4 Bd7 21. Re1 Qf7 22. f4 Bb6 23. Ne2 Rg6 24. Bg5 Rag8 25. Bb1 Qg7 26. Kh1 c5 27. dxc5 Bxc5 28. Ng3 Bc6 29. Qc2 Qf8 30. Rc1 Ne3 31. Qxc5 Bxg2+ 32. Kg1 Qxc5 33. Rxc5 Rxg5 34. Kf2 1-0

[Event "Florianopolis zt 2.4"]
[Site "Florianopolis"]
[Date "2017.04.28"]
[Round "4"]
[White "Mekhitarian, Krikor Sevag"]
[Black "Barreto Junior, Williem Silva"]
[Result "1-0"]
[WhiteElo "2544"]
[BlackElo "2195"]
[PlyCount "33"]
[EventDate "2017.04.26"]
[EventType "swiss"]
[EventRounds "9"]
[EventCountry "BRA"]
[SourceTitle "CBM 178 Extra"]
[Source "ChessBase"]
[SourceDate "2017.06.22"]
[SourceVersion "1"]
[SourceVersionDate "2017.06.22"]
[SourceQuality "1"]

1. e4 c6 2. d4 d5 3. e5 c5 4. dxc5 Nc6 5. Nf3 Bg4 6. c3 e6 7. Be3 Bxf3 8. Qxf3 Nxe5 9. Bb5+ Nc6 10. 0-0 Nf6 11. c4 a6 12. Ba4 Qa5 13. Nc3 Bxc5 14. cxd5 exd5 15. Nxd5 Kf8 16. Bxc6 bxc6 17. Nxf6 1-0

[Event "Bahia-ch final"]
[Site "Paulo Afonso"]
[Date "2017.01.22"]
[Round "6"]
[White "Barreto Junior, Williem Silva"]
[Black "Da Silva, Erick Feitosa"]
[Result "1/2-1/2"]
[WhiteElo "2200"]
[BlackElo "1728"]
[PlyCount "40"]
[EventDate "2017.01.20"]
[EventType "swiss"]
[EventRounds "6"]
[EventCountry "BRA"]
[SourceTitle "EXT 2018"]
[Source "ChessBase"]
[SourceDate "2017.10.13"]
[SourceVersion "1"]
[SourceVersionDate "2017.10.13"]
[SourceQuality "1"]

1. d4 d5 2. c4 e6 3. Nc3 Nf6 4. cxd5 exd5 5. Bg5 Be7 6. e3 0-0 7. Bd3 h6 8. Bh4 Nbd7 9. Qc2 c5 10. Nge2 cxd4 11. Nxd4 Nb6 12. 0-0 Be6 13. Rfd1 Rc8 14. Qe2 Nfd7 15. Bg3 Bf6 16. Ncb5 a6 17. Nd6 Rb8 18. Rac1 Ne5 19. N6f5 Qd7 20. Bb1 Rbc8 1/2-1/2

[Event "Vitoria da Conquista IRT 6th"]
[Site "Vitoria da Conquista"]
[Date "2016.10.14"]
[Round "22"]
[White "Barreto Junior, Williem Silva"]
[Black "De Almeida, Tiago Carvalho"]
[Result "1-0"]
[WhiteElo "2149"]
[BlackElo "1528"]
[PlyCount "59"]
[EventDate "2016.09.29"]
[EventType "tourn"]
[EventRounds "26"]
[EventCountry "BRA"]
[SourceTitle "EXT 2022"]
[Source "ChessBase"]
[SourceDate "2021.10.06"]
[SourceVersion "1"]
[SourceVersionDate "2021.10.06"]
[SourceQuality "1"]

1. e4 e5 2. d4 exd4 3. Nf3 Nc6 4. c3 d5 5. e5 dxc3 6. Nxc3 Be6 7. a3 Bc5 8. h3 Nge7 9. Qc2 Bb6 10. Bf4 Ng6 11. Bh2 Qe7 12. 0-0-0 0-0-0 13. Kb1 Kb8 14. Qa4 Rc8 15. Nb5 a6 16. Nbd4 Nxd4 17. Nxd4 Bxd4 18. Rxd4 Bf5+ 19. Ka1 Qe6 20. g4 Be4 21. f3 Bxf3 22. Rg1 Nxe5 23. Qb3 Be4 24. Bxa6 Qxa6 25. Bxe5 f6 26. Bh2 Rhe8 27. Rc1 Re7 28. Bg1 Qb6 29. Rb4 Qd6 30. Rxb7+ 1-0

[Event "Vitoria da Conquista IRT 6th"]
[Site "Vitoria da Conquista"]
[Date "2016.10.14"]
[Round "21"]
[White "Lopes, Bernardo De Souza"]
[Black "Barreto Junior, Williem Silva"]
[Result "0-1"]
[WhiteElo "1372"]
[BlackElo "2149"]
[PlyCount "80"]
[EventDate "2016.09.29"]
[EventType "tourn"]
[EventRounds "26"]
[EventCountry "BRA"]
[SourceTitle "EXT 2022"]
[Source "ChessBase"]
[SourceDate "2021.10.06"]
[SourceVersion "1"]
[SourceVersionDate "2021.10.06"]
[SourceQuality "1"]

1. e4 e6 2. b3 b6 3. Bb2 Bb7 4. Nc3 d5 5. Qe2 Be7 6. 0-0-0 Nf6 7. g3 0-0 8. Bg2 dxe4 9. f3 exf3 10. Bxf3 c6 11. Nh3 Nbd7 12. Rhf1 Qc7 13. Ng5 c5 14. Bxb7 Qxb7 15. Nxe6 fxe6 16. Qxe6+ Rf7 17. Rde1 Nf8 18. Qc4 b5 19. Nxb5 Qd5 20. Qh4 Ne4 21. Qh3 Rxf1 22. Rxf1 Qxd2+ 23. Kb1 Qh6 24. Nc7 Qxh3 25. Re1 Nd2+ 26. Ka1 Rc8 27. Nd5 Bf6 28. Bxf6 gxf6 29. Ne7+ Kf7 30. Nxc8 Qg2 31. Nd6+ Kg6 32. Nb5 Qf2 33. Rc1 Ne4 34. Kb2 a6 35. Na3 Qd4+ 36. c3 Qd2+ 37. Nc2 Nf2 38. Rf1 Nd3+ 39. Kb1 Ne6 40. Rc1 Qxc1# 0-1

[Event "Vitoria da Conquista IRT 6th"]
[Site "Vitoria da Conquista"]
[Date "2016.10.08"]
[Round "15"]
[White "Freitas, Remulo Aguiar"]
[Black "Barreto Junior, Williem Silva"]
[Result "1/2-1/2"]
[WhiteElo "2114"]
[BlackElo "2149"]
[PlyCount "35"]
[EventDate "2016.09.29"]
[EventType "tourn"]
[EventRounds "26"]
[EventCountry "BRA"]
[SourceTitle "EXT 2022"]
[Source "ChessBase"]
[SourceDate "2021.10.06"]
[SourceVersion "1"]
[SourceVersionDate "2021.10.06"]
[SourceQuality "1"]

1. e4 e5 2. Nf3 Nc6 3. Bb5 a6 4. Bxc6 dxc6 5. 0-0 Bc5 6. d3 Qd6 7. Be3 Nf6 8. Nbd2 Ng4 9. Bxc5 Qxc5 10. h3 Nh6 11. Nb3 Qe7 12. Qd2 0-0 13. d4 exd4 14. Nbxd4 Be6 15. Rad1 Rad8 16. Qe3 c5 17. Ne2 Rd7 18. Rd2 1/2-1/2

[Event "Vitoria da Conquista IRT 6th"]
[Site "Vitoria da Conquista"]
[Date "2016.10.06"]
[Round "10"]
[White "Barreto Junior, Williem Silva"]
[Black "Ferraz, Joao Gabriel"]
[Result "1-0"]
[WhiteElo "2149"]
[BlackElo "1631"]
[PlyCount "43"]
[EventDate "2016.09.29"]
[EventType "tourn"]
[EventRounds "26"]
[EventCountry "BRA"]
[SourceTitle "EXT 2022"]
[Source "ChessBase"]
[SourceDate "2021.10.06"]
[SourceVersion "1"]
[SourceVersionDate "2021.10.06"]
[SourceQuality "1"]

1. e4 g6 2. Nf3 Bg7 3. d4 c5 4. c3 Qa5 5. Bd2 cxd4 6. cxd4 Qb6 7. Qc2 d6 8. Be3 Bd7 9. Nc3 Na6 10. Bxa6 Qxa6 11. Nd5 Qa5+ 12. b4 Qa4 13. Nc7+ Kf8 14. Qxa4 Bxa4 15. Nxa8 Nf6 16. e5 dxe5 17. dxe5 Nd5 18. Rc1 Nxb4 19. Rc8+ Be8 20. Nc7 Bxe5 21. Rxe8+ Kg7 22. Nxe5 1-0